twocolors - Lovefool (All lyrics) - Statistics

General Stats
  • This quiz has been taken 110 times
  • The average score is 285 of 334
Answer Stats
Answer % Correct
Love
97%
love
97%
me,
97%
me
97%
me)
97%
Say
97%
say
97%
that
97%
That
97%
you
97%
You
97%
a
96%
A
96%
and
95%
And
95%
I
95%
Fool
93%
fool
93%
on
88%
Go
86%
go
86%
cry
82%
cry,
82%
To
81%
to
81%
So
80%
beg
78%
Dear,
77%
no
77%
But
76%
can
76%
do
76%
facing
76%
long
74%
pray,
74%
pray
74%
problem
74%
we're
74%
longer,
73%
fear
72%
need
72%
for
70%
(for
70%
Pretend
69%
man
68%
bother
66%
know
66%
another
65%
Leave
65%
leave
65%
think
65%
deserves
64%
make
64%
Mama
64%
shouldn't
64%
Just
62%
tells
62%
care
61%
not
61%
don't
58%
have
57%
stay
55%
there
55%
is
54%
surely
54%
could
53%
nothing
53%
stick
53%
What
53%
Maybe
51%
ought
51%
way
50%
will
50%
confusion
49%
done
49%
if
49%
in
49%
Lately,
49%
As
47%
as
47%
lost
47%
my
47%
Reason
46%
solution
46%
awake
45%
desperately
45%
really
45%
nights
43%
Spent
43%
end
42%
up
42%
wondered
39%
Oh,
30%
pondered
26%
reach
11%
No matching quizzes found
Score Distribution
Percent of People with Each Score
Percentile by Number Answered
Your Score History
You have not taken this quiz